| 000 | 00605nam a2200229Ia 4500 | ||
|---|---|---|---|
| 003 | OSt | ||
| 005 | 20250714144056.0 | ||
| 008 | 210423s2008 xx 000 0 und d | ||
| 020 | _a812230778542 | ||
| 040 | _cAL | ||
| 041 | _aEnglish | ||
| 082 |
_a070.195 _bSMID |
||
| 100 |
_aRon F Smith _981972 |
||
| 245 |
_aDigital television _b: D T V and the consumer |
||
| 260 |
_aNew Delhi _bSurjeeth Publications _c2008 |
||
| 300 |
_a286 _bPB |
||
| 365 |
_b250 _cINR |
||
| 650 |
_aJournalism & Media _981973 |
||
| 650 |
_aMass Media _981974 |
||
| 906 | _aconsumer ; Digital ; television | ||
| 942 |
_2ddc _cBK |
||
| 999 |
_c155486 _d155486 |
||